Guess the color - Statistics

General Stats
  • This quiz has been taken 27 times
  • The average score is 10 of 16
Answer Stats
Picture Answer % Correct
black
96%
orange
92%
purple
92%
yellow
92%
lime
88%
red
88%
white
84%
gray
76%
gold
60%
dark blue
44%
magenta
44%
tan
32%
forest green
28%
hot pink
24%
aqua
20%
maroon
12%
No matching quizzes found
Score Distribution
Percent of People with Each Score
Percentile by Number Answered
Your Score History
You have not taken this quiz